| 000 | 00361nam a2200133Ia 4500 | ||
|---|---|---|---|
| 001 | 3955 | ||
| 008 | 241024s9999 xx 000 0 und d | ||
| 082 | _aRD/630/F673a | ||
| 100 | _aFondo Especial para el Desarrollo Agropecuario (FEDA) | ||
| 245 | 0 | _aAniversario 1972-2014, 42 | |
| 260 |
_bSanto Domingo _c2015 |
||
| 901 | _a13/3/2015 12:00:44 p.m. | ||
| 999 |
_c8012 _d8012 |
||